[Event "XXXVIII Torneo Internacional de Ajedrez"]
[Site "La Roda (Albacete) - ESPAÑA"]
[Date "2011.04.21"]
[Round "3.13"]
[White "Ibarra Jerez, Jose Carlos"]
[Black "Nicolas Zapata, Irene"]
[Result "1-0"]
[WhiteElo "2522"]
[BlackElo "2100"]
[PlyCount "43"]
[EventDate "2011.04.20"]

1. d4 Nf6 2. Bg5 c5 3. Nc3 cxd4 4. Qxd4 Nc6 5. Qh4 e6 6. O-O-O Be7 7. e4 a6 8.
f4 O-O 9. e5 Ne8 10. Bd3 h6 11. Nf3 f5 12. Bxe7 Qxe7 13. Qh3 Qc5 14. Rhe1 Nc7
15. g4 Qb4 16. Qg3 b5 17. gxf5 exf5 18. Rg1 Rf7 19. Bxf5 Ne7 20. Be4 Rb8 21. f5
Bb7 22. e6 1-0

[Event "XXXVIII Torneo Internacional de Ajedrez"]
[Site "La Roda (Albacete) - ESPAÑA"]
[Date "2011.04.21"]
[Round "3.14"]
[White "Garza Marco, Sergio"]
[Black "Fernandez Lledo, Javier"]
[Result "1-0"]
[WhiteElo "2434"]
[BlackElo "2116"]
[PlyCount "51"]
[EventDate "2011.04.20"]

1. d4 Nf6 2. c4 g6 3. Nc3 Bg7 4. Bg5 d6 5. e3 O-O 6. Nf3 Nbd7 7. Be2 c6 8. O-O
Re8 9. Qc2 Qc7 10. Rad1 a5 11. a3 e5 12. b4 axb4 13. axb4 exd4 14. Nxd4 Ne5 15.
Rd2 Qb6 16. Qb3 d5 17. cxd5 Nxd5 18. Nxd5 cxd5 19. b5 Nc4 20. Bxc4 dxc4 21.
Qxc4 Ra5 22. h4 Bxd4 23. Rxd4 Qxb5 24. Qc3 Ra6 25. Bh6 f6 26. Qc7 1-0

[Event "XXXVIII Torneo Internacional de Ajedrez"]
[Site "La Roda (Albacete) - ESPAÑA"]
[Date "2011.04.21"]
[Round "3.15"]
[White "Moreno Torralba, David"]
[Black "Anton Guijarro, David"]
[Result "0-1"]
[WhiteElo "2102"]
[BlackElo "2425"]
[PlyCount "80"]
[EventDate "2011.04.20"]

1. d4 Nf6 2. Nf3 e6 3. c4 Bb4+ 4. Bd2 Qe7 5. g3 Nc6 6. Bg2 Bxd2+ 7. Nbxd2 d6 8.
O-O a5 9. e4 e5 10. d5 Nb8 11. Ne1 h5 12. Nd3 h4 13. b3 Na6 14. a3 hxg3 15.
hxg3 Bg4 16. f3 Bd7 17. Qe1 b5 18. cxb5 Bxb5 19. Nc4 a4 20. Qa5 Rb8 21. Rfc1
Nd7 22. bxa4 Bxc4 23. Rxc4 Ndc5 24. Nxc5 Nxc5 25. Rb4 O-O 26. Rab1 Ra8 27. Qb5
Qg5 28. Kh2 g6 29. Qe2 Kg7 30. Bh3 Rh8 31. Kg2 Nxa4 32. Rc4 Nc5 33. Rc3 Ra4 34.
Qe3 Qh5 35. Rh1 Rd4 36. Kf2 Rb8 37. Qe2 Qg5 38. Rd1 Rb2 39. Qxb2 Rxd1 40. Ke2
Na4 0-1

[Event "XXXVIII Torneo Internacional de Ajedrez"]
[Site "La Roda (Albacete) - ESPAÑA"]
[Date "2011.04.21"]
[Round "3.16"]
[White "Espinosa Aranda, Angel"]
[Black "Lara Lopez, Sergio"]
[Result "1/2-1/2"]
[WhiteElo "2399"]
[BlackElo "2105"]
[PlyCount "146"]
[EventDate "2011.04.20"]

1. e4 e6 2. d4 d5 3. e5 c5 4. c3 Qb6 5. Nf3 Nc6 6. a3 Nh6 7. b4 cxd4 8. cxd4
Nf5 9. Bb2 Be7 10. h4 h5 11. Bd3 g6 12. Bxf5 gxf5 13. Nc3 Rg8 14. O-O Bd7 15.
Ne2 a5 16. Nf4 Rg4 17. Nxh5 O-O-O 18. Nf6 Bxf6 19. exf6 Rdg8 20. g3 Qc7 21. Kh1
f4 22. Ng5 e5 23. dxe5 fxg3 24. fxg3 Nxe5 25. Bc1 Rxg3 26. Bf4 Rg4 27. Qxg4
Bxg4 28. Rac1 Qxc1 29. Rxc1+ Nc4 30. Kh2 axb4 31. axb4 Rg6 32. Kg3 Be6 33. Be5
Kd7 34. Kf4 Rh6 35. Nf3 Rh5 36. Bd4 Rf5+ 37. Kg3 Kd6 38. Rh1 Rh5 39. Ng5 Nd2
40. Re1 Ne4+ 41. Nxe4+ dxe4 42. Rxe4 Kd5 43. Rf4 Rh6 44. Be3 Rg6+ 45. Kf3 Ke5
46. Bd4+ Kd6 47. Bf2 Bd5+ 48. Ke3 Ke5 49. Be1 Ke6 50. Bc3 Rg3+ 51. Kd4 Rh3 52.
b5 Rh1 53. Bd2 Kd6 54. Rg4 Rd1 55. Kc3 Rf1 56. h5 Rh1 57. h6 Ke6 58. Kd4 Rd1
59. Rh4 Rxd2+ 60. Kc3 Ra2 61. h7 Ra8 62. h8=Q Rxh8 63. Rxh8 Kxf6 64. Kd4 Bf3
65. Rh3 Be2 66. b6 Kg5 67. Re3 Ba6 68. Re7 Kf6 69. Rc7 Ke6 70. Ke3 Kd6 71. Rxf7
Kc5 72. Rf6 Bb5 73. Kd2 Bc6 1/2-1/2

[Event "XXXVIII Torneo Internacional de Ajedrez"]
[Site "La Roda (Albacete) - ESPAÑA"]
[Date "2011.04.21"]
[Round "3.17"]
[White "Aymerich Rosell, Pablo"]
[Black "Martinez Martin, David"]
[Result "0-1"]
[WhiteElo "2095"]
[BlackElo "2398"]
[PlyCount "84"]
[EventDate "2011.04.20"]

1. d4 Nf6 2. c4 g6 3. Nc3 Bg7 4. e4 d6 5. f4 c5 6. d5 O-O 7. Nf3 Bg4 8. Be2
Nbd7 9. O-O a6 10. a4 Ne8 11. Re1 Nc7 12. Ng5 Bxe2 13. Rxe2 b5 14. axb5 axb5
15. Rxa8 Qxa8 16. cxb5 Qa1 17. e5 dxe5 18. Nf3 Nb6 19. fxe5 Rd8 20. Re1 Ncxd5
21. Bg5 Qxb2 22. Bxe7 Rd7 23. Nxd5 Rxd5 24. Qb1 Qxb1 25. Rxb1 Bxe5 26. Nxe5
Rxe5 27. Bd6 Rf5 28. g4 Rd5 29. Bc7 Nd7 30. b6 Rd4 31. b7 Rxg4+ 32. Kf2 Rb4 33.
Rxb4 cxb4 34. b8=Q+ Nxb8 35. Bxb8 b3 36. Be5 f5 37. Ke3 Kf7 38. h4 h6 39. Kd2
g5 40. h5 f4 41. Kd3 Ke6 42. Ke4 f3 0-1

[Event "XXXVIII Torneo Internacional de Ajedrez"]
[Site "La Roda (Albacete) - ESPAÑA"]
[Date "2011.04.21"]
[Round "3.18"]
[White "Pardo Simon, David"]
[Black "Serrano Marhuenda, Salvador"]
[Result "1-0"]
[WhiteElo "2388"]
[BlackElo "2075"]
[PlyCount "71"]
[EventDate "2011.04.20"]

1. e4 c5 2. Nf3 e6 3. Nc3 a6 4. d4 cxd4 5. Nxd4 Qc7 6. Bd3 Nf6 7. Qe2 d6 8. f4
Nbd7 9. g4 g6 10. f5 Ne5 11. g5 Nh5 12. Be3 Bd7 13. Rf1 O-O-O 14. O-O-O Kb8 15.
Nb3 Rc8 16. Bd4 Bc6 17. Qf2 h6 18. h4 hxg5 19. hxg5 Nxd3+ 20. Rxd3 e5 21. Bb6
Qe7 22. f6 Qe6 23. Ba7+ Ka8 24. Be3 Nf4 25. Bxf4 exf4 26. Qxf4 Rh5 27. Nd5 Bxd5
28. Rxd5 Re8 29. Nd2 Qh3 30. c3 Qg2 31. Rf2 Qg1+ 32. Rf1 Qg2 33. Rf2 Qg1+ 34.
Kc2 Re5 35. Nc4 Rh1 36. Nxe5 1-0

[Event "XXXVIII Torneo Internacional de Ajedrez"]
[Site "La Roda (Albacete) - ESPAÑA"]
[Date "2011.04.21"]
[Round "3.19"]
[White "Orosa Martinez, Victor"]
[Black "Camacho Collados, Jose"]
[Result "0-1"]
[WhiteElo "2070"]
[BlackElo "2380"]
[PlyCount "68"]
[EventDate "2011.04.20"]

1. d4 Nf6 2. c4 g6 3. Nc3 d5 4. Bf4 Bg7 5. e3 O-O 6. Nf3 c5 7. dxc5 Qa5 8. Rc1
Ne4 9. cxd5 Nxc3 10. Qd2 Qxa2 11. bxc3 Qa5 12. Be2 Qxc5 13. O-O Nd7 14. e4 a5
15. Be3 Qc7 16. Bd4 Nc5 17. Bxg7 Kxg7 18. Qd4+ f6 19. e5 Nb3 20. Qf4 fxe5 21.
Qe3 Nxc1 22. Rxc1 Bg4 23. Ng5 Bd7 24. c4 a4 25. c5 a3 26. Ra1 a2 27. Bb5 h6 28.
d6 exd6 29. cxd6 Qxd6 30. Ne4 Qd5 31. Nc3 Qd4 32. Bxd7 Qxd7 33. Qxe5+ Kh7 34.
h3 Qg7 0-1

[Event "XXXVIII Torneo Internacional de Ajedrez"]
[Site "La Roda (Albacete) - ESPAÑA"]
[Date "2011.04.21"]
[Round "3.20"]
[White "Gomez Roca, Vicente Fernando"]
[Black "Gallardo Garcia, Andres"]
[Result "1/2-1/2"]
[WhiteElo "2044"]
[BlackElo "2370"]
[PlyCount "75"]
[EventDate "2011.04.20"]

1. e4 c5 2. Nf3 Nc6 3. Bb5 g6 4. c3 Nf6 5. e5 Nd5 6. O-O Bg7 7. d4 cxd4 8. cxd4
O-O 9. Nc3 Nxc3 10. bxc3 d6 11. Bf4 d5 12. h3 Qa5 13. Qb3 Rd8 14. Bxc6 bxc6 15.
Qb4 Qxb4 16. cxb4 e6 17. Bg5 Re8 18. Rfb1 Bd7 19. Nd2 Bf8 20. a3 a5 21. bxa5
Rxa5 22. Nb3 Rxa3 23. Rxa3 Bxa3 24. Ra1 Bb2 25. Ra7 Bc8 26. Ra2 Bc3 27. Rc2 Bb4
28. Rxc6 Bf8 29. f3 h6 30. Bf6 Bd7 31. Rc7 Bb5 32. Nc5 Bxc5 33. Rxc5 Bd3 34.
Kf2 g5 35. Ke3 Bg6 36. Rc7 Ra8 37. Rd7 Rc8 38. Rd8+ 1/2-1/2

[Event "XXXVIII Torneo Internacional de Ajedrez"]
[Site "La Roda (Albacete) - ESPAÑA"]
[Date "2011.04.22"]
[Round "4.1"]
[White "Rojas Keim, Luis"]
[Black "Burmakin, Vladimir"]
[Result "0-1"]
[WhiteElo "2432"]
[BlackElo "2594"]
[PlyCount "41"]
[EventDate "2011.04.20"]

1. e4 c6 2. c4 d5 3. exd5 cxd5 4. cxd5 Nf6 5. Nc3 Nxd5 6. Nf3 Nxc3 7. bxc3 g6
8. d4 Bg7 9. Bd3 O-O 10. O-O Nc6 11. Re1 b6 12. Bg5 Qc7 13. Qd2 Bb7 14. Bh6
Rac8 15. Bxg7 Kxg7 16. c4 Qd6 17. Re4 Nb4 18. Rh4 h5 19. Rxh5 Nxd3 20. Qh6+ Kf6
21. Qe3 0-1

[Event "XXXVIII Torneo Internacional de Ajedrez"]
[Site "La Roda (Albacete) - ESPAÑA"]
[Date "2011.04.22"]
[Round "4.2"]
[White "Almeida Quintana, Omar"]
[Black "Valmana Canto, Jaime"]
[Result "1-0"]
[WhiteElo "2593"]
[BlackElo "2330"]
[PlyCount "83"]
[EventDate "2011.04.20"]

1. d4 g6 2. c4 Bg7 3. Nc3 d6 4. e4 Nf6 5. f3 O-O 6. Bg5 c5 7. d5 e6 8. Qd2 exd5
9. cxd5 a6 10. a4 Nbd7 11. Nh3 Qa5 12. Ra3 Qb4 13. Nf2 Ne5 14. Be2 Bd7 15. O-O
b5 16. axb5 axb5 17. Rfa1 Rab8 18. Qc2 Qd4 19. Rd1 b4 20. Ra7 b3 21. Qc1 Qb4
22. Bxf6 Bxf6 23. f4 Bc8 24. fxe5 Bxe5 25. Kh1 Qb6 26. Ra3 f5 27. Bc4 Qd8 28.
Nd3 Bxh2 29. Qh6 Bg3 30. Ra7 Rb7 31. Rxb7 Bxb7 32. Rf1 Bc8 33. Rf3 Bh4 34. Rh3
g5 35. e5 f4 36. e6 Rf6 37. Qh5 Qf8 38. Ne4 Rh6 39. Qe2 Qe7 40. Nexc5 Rg6 41.
Ne5 Rg7 42. Nc6 1-0

[Event "XXXVIII Torneo Internacional de Ajedrez"]
[Site "La Roda (Albacete) - ESPAÑA"]
[Date "2011.04.22"]
[Round "4.3"]
[White "Forcen Esteban, Daniel"]
[Black "Plaskett, H James"]
[Result "1/2-1/2"]
[WhiteElo "2425"]
[BlackElo "2475"]
[PlyCount "75"]
[EventDate "2011.04.20"]

1. e4 c5 2. Nf3 d6 3. d4 cxd4 4. Nxd4 Nf6 5. Nc3 Nc6 6. Bc4 Qb6 7. Nxc6 bxc6 8.
O-O e6 9. Qe2 Be7 10. e5 dxe5 11. Qxe5 O-O 12. Na4 Qb4 13. b3 Nd5 14. Bb2 Bf6
15. Qg3 Bxb2 16. Nxb2 a5 17. Nd3 Qc3 18. Nc5 Qxc2 19. Qd6 Ra7 20. Qxc6 Nf4 21.
Qd6 Qf5 22. Bb5 Qg5 23. g3 Nh3+ 24. Kg2 Rd8 25. Qb6 Bb7+ 26. Nxb7 Qd5+ 27. Kxh3
Rxb7 28. Qc6 Qh5+ 29. Kg2 Rxb5 30. Rfd1 Rbb8 31. Rxd8+ Rxd8 32. Rc1 Qe2 33. Qd7
Qe4+ 34. Kg1 Qa8 35. Qc6 Qb8 36. Qc7 Qa8 37. Qc6 Qb8 38. Qc7 1/2-1/2

[Event "XXXVIII Torneo Internacional de Ajedrez"]
[Site "La Roda (Albacete) - ESPAÑA"]
[Date "2011.04.22"]
[Round "4.4"]
[White "Almagro Llamas, Pablo"]
[Black "Escudero Manzano, Alejandro"]
[Result "1-0"]
[WhiteElo "2472"]
[BlackElo "2171"]
[PlyCount "47"]
[EventDate "2011.04.20"]

1. e4 c5 2. Nf3 Nc6 3. Bb5 Nf6 4. Qe2 g6 5. O-O Bg7 6. c3 O-O 7. d4 cxd4 8.
cxd4 a6 9. Ba4 b5 10. Bb3 d6 11. e5 dxe5 12. dxe5 Nd5 13. Rd1 e6 14. Bg5 Qc7
15. Bxd5 exd5 16. Nc3 Nxe5 17. Nxd5 Qc4 18. Qxe5 Bxe5 19. Nxe5 Qc2 20. Re1 Qxb2
21. Bf6 h6 22. Nxg6 Qxf2+ 23. Kxf2 fxg6 24. Re7 1-0

[Event "XXXVIII Torneo Internacional de Ajedrez"]
[Site "La Roda (Albacete) - ESPAÑA"]
[Date "2011.04.22"]
[Round "4.5"]
[White "Hernandez Carmenates, Holden"]
[Black "Camacho Collados, Jose"]
[Result "1-0"]
[WhiteElo "2564"]
[BlackElo "2380"]
[PlyCount "55"]
[EventDate "2011.04.20"]

1. Nf3 c5 2. c4 Nf6 3. d4 cxd4 4. Nxd4 b6 5. Nc3 Bb7 6. f3 g6 7. e4 Nc6 8. Be3
Bg7 9. Be2 O-O 10. O-O e6 11. Qd2 d5 12. Nxc6 Bxc6 13. cxd5 exd5 14. e5 Ne8 15.
f4 Nc7 16. Bf3 Qd7 17. Rfd1 Rad8 18. Rac1 Rfe8 19. Qc2 Ba8 20. Ne4 Nb5 21. Be2
Re7 22. Qa4 Bc6 23. Rxc6 Qxc6 24. Bxb5 Qe6 25. Bc6 b5 26. Qxb5 Bxe5 27. fxe5
Qxe5 28. Rxd5 1-0

[Event "XXXVIII Torneo Internacional de Ajedrez"]
[Site "La Roda (Albacete) - ESPAÑA"]
[Date "2011.04.22"]
[Round "4.6"]
[White "Rudolf, Anna"]
[Black "Ibarra Jerez, Jose Carlos"]
[Result "0-1"]
[WhiteElo "2347"]
[BlackElo "2522"]
[PlyCount "82"]
[EventDate "2011.04.20"]

1. e4 c5 2. Nf3 e6 3. d4 cxd4 4. Nxd4 Qb6 5. Nb3 Qc7 6. Bd3 a6 7. O-O Nf6 8. c4
d6 9. Nc3 Nbd7 10. f4 Be7 11. Qe2 b6 12. Bd2 Bb7 13. Rae1 O-O 14. e5 Ne8 15.
Ne4 Rd8 16. Bb1 g6 17. Nf2 Ng7 18. Bc3 f6 19. exf6 Bxf6 20. Bxf6 Nxf6 21. Nd4
Rde8 22. b3 e5 23. fxe5 dxe5 24. Nf3 e4 25. Nd4 Ngh5 26. Qe3 Rf7 27. Kh1 Rfe7
28. Bc2 b5 29. Bd1 Nf4 30. Ng4 Nxg4 31. Bxg4 Nd3 32. Re2 bxc4 33. Qg5 Rf7 34.
Rf6 Re5 35. Rxg6+ hxg6 36. Qxg6+ Kf8 37. Qh6+ Ke7 38. Qh4+ Kd6 39. Kg1 Qb6 40.
Qh6+ Kc7 41. Qe3 Kb8 0-1

[Event "XXXVIII Torneo Internacional de Ajedrez"]
[Site "La Roda (Albacete) - ESPAÑA"]
[Date "2011.04.22"]
[Round "4.7"]
[White "Khamrakulov, Ibragim S"]
[Black "Camacho Collados, Marcos"]
[Result "1-0"]
[WhiteElo "2495"]
[BlackElo "2376"]
[PlyCount "85"]
[EventDate "2011.04.20"]

1. e4 d6 2. d4 g6 3. Bd3 Bg7 4. Ne2 e5 5. c3 Ne7 6. O-O O-O 7. Be3 Nbc6 8. d5
Nb8 9. f4 exf4 10. Nxf4 Nd7 11. Nd2 Ne5 12. Be2 b6 13. Nc4 Bb7 14. a4 Re8 15.
Nxe5 dxe5 16. Nh3 Nc8 17. Bg5 f6 18. Bh4 Nd6 19. Qd3 Rf8 20. a5 Qe8 21. c4 g5
22. Bf2 Qg6 23. c5 Nxe4 24. c6 Bxc6 25. dxc6 g4 26. axb6 gxh3 27. Qxh3 axb6 28.
Bh5 Qh6 29. Be3 Ng5 30. Qg4 Rxa1 31. Rxa1 e4 32. Kh1 Rd8 33. h4 f5 34. Qxg5
Qxg5 35. Bxg5 Rc8 36. Rd1 Bxb2 37. Rd7 Ra8 38. Bf4 e3 39. Rxc7 Ra4 40. g3 Ra1+
41. Kg2 Bd4 42. Re7 Ra2+ 43. Kh3 1-0

[Event "XXXVIII Torneo Internacional de Ajedrez"]
[Site "La Roda (Albacete) - ESPAÑA"]
[Date "2011.04.22"]
[Round "4.9"]
[White "Gemy, Jose Daniel"]
[Black "Alonso Rosell, Alvar"]
[Result "1/2-1/2"]
[WhiteElo "2288"]
[BlackElo "2477"]
[PlyCount "110"]
[EventDate "2011.04.20"]

1. d4 Nf6 2. Nf3 g6 3. e3 Bg7 4. b3 O-O 5. Bb2 d6 6. Be2 Nc6 7. Nbd2 e5 8. dxe5
Ng4 9. O-O Ngxe5 10. Nd4 Nxd4 11. exd4 Nc6 12. Nf3 Bf5 13. Qd2 Re8 14. Rfe1 d5
15. Bb5 Qd6 16. Rad1 a6 17. Bxc6 Qxc6 18. Ne5 Qd6 19. c4 dxc4 20. bxc4 c5 21.
Qf4 cxd4 22. Bxd4 Rad8 23. g4 Be6 24. Bb2 Qb4 25. Rb1 f6 26. Nf3 Qxc4 27. Re4
Qxa2 28. Rbe1 Bf7 29. Bxf6 Rxe4 30. Rxe4 Bxf6 31. Qxf6 Qb1+ 32. Kg2 Qxe4 33.
Qxd8+ Kg7 34. Kg3 h6 35. Qc7 Qc6 36. Qe7 a5 37. Qe5+ Qf6 38. Qxa5 g5 39. Qc7 b5
40. Qb8 Be8 41. Qc7+ Bf7 42. Qb8 Bd5 43. Qc7+ Kh8 44. Qb8+ Kh7 45. Qc7+ Qf7 46.
Qxf7+ Bxf7 47. Nd4 b4 48. h4 gxh4+ 49. Kxh4 Kg6 50. f4 b3 51. Nxb3 Bxb3 52. g5
h5 53. f5+ Kxf5 54. Kxh5 Bf7+ 55. g6 Bxg6+ 1/2-1/2

[Event "XXXVIII Torneo Internacional de Ajedrez"]
[Site "La Roda (Albacete) - ESPAÑA"]
[Date "2011.04.22"]
[Round "4.10"]
[White "Cruz Lledo, Pablo"]
[Black "Garza Marco, Sergio"]
[Result "0-1"]
[WhiteElo "2241"]
[BlackElo "2434"]
[PlyCount "162"]
[EventDate "2011.04.20"]

1. d4 d6 2. c4 e5 3. Nf3 e4 4. Ng5 f5 5. Nc3 c6 6. g3 Be7 7. Nh3 Nf6 8. d5 Nbd7
9. Bg2 Nb6 10. Qb3 Nfd7 11. Na4 Nxa4 12. Qxa4 Ne5 13. O-O O-O 14. f3 Qb6+ 15.
Kh1 Bd7 16. dxc6 Bxc6 17. Qb3 exf3 18. exf3 Qc5 19. Bg5 Bxg5 20. Nxg5 Rae8 21.
Rac1 f4 22. Qc2 Ng6 23. Nh3 fxg3 24. hxg3 Re3 25. Qd1 Ne5 26. Nf4 Rf6 27. Kh2
Rh6+ 28. Nh3 g5 29. Rc3 Rxc3 30. bxc3 Qxc4 31. Qd2 Nf7 32. Re1 g4 33. fxg4 Qxg4
34. Qf4 Qxf4 35. gxf4 Rh5 36. Bxc6 bxc6 37. Re8+ Kg7 38. Re7 a5 39. Rc7 c5 40.
c4 Kf6 41. Ra7 Nh6 42. Rxa5 Ng4+ 43. Kg3 Ne3 44. Ra4 Kf5 45. Nf2 Rh6 46. Kf3
Nc2 47. Ra8 Nd4+ 48. Ke3 Re6+ 49. Kd3 Kxf4 50. Rf8+ Kg5 51. a4 Nc6 52. Ne4+ Kg6
53. Rg8+ Kf7 54. Ra8 Rh6 55. Ke3 Rh3+ 56. Kf4 Rh4+ 57. Ke3 Ke7 58. Ra6 Nb4 59.
Ra7+ Ke6 60. a5 h6 61. Rg7 Rh3+ 62. Kf4 Nd3+ 63. Kg4 Rh1 64. a6 Nf2+ 65. Kf3
Nxe4 66. Kxe4 Rh4+ 67. Kd3 Rh3+ 68. Ke4 Rc3 69. Rg6+ Kd7 70. Rxh6 Rxc4+ 71. Kd3
Ra4 72. a7 Kc6 73. Rh7 Ra3+ 74. Ke4 Ra4+ 75. Kd3 d5 76. Kc3 Kb6 77. Rd7 d4+ 78.
Kb3 Rxa7 79. Rd8 Kc6 80. Kc4 Ra4+ 81. Kd3 Ra3+ 0-1

[Event "XXXVIII Torneo Internacional de Ajedrez"]
[Site "La Roda (Albacete) - ESPAÑA"]
[Date "2011.04.22"]
[Round "4.11"]
[White "Anton Guijarro, David"]
[Black "Sande Edreira, Jose Antonio"]
[Result "1-0"]
[WhiteElo "2425"]
[BlackElo "2310"]
[PlyCount "95"]
[EventDate "2011.04.20"]

1. d4 Nf6 2. Nf3 g6 3. c4 Bg7 4. Nc3 O-O 5. e4 d6 6. Be2 c5 7. O-O cxd4 8. Nxd4
Nc6 9. Be3 Bd7 10. Qd2 Nxd4 11. Bxd4 Bc6 12. Qe3 b6 13. Nd5 Re8 14. Rfd1 Rc8
15. f3 e6 16. Nxf6+ Bxf6 17. Bxf6 Qxf6 18. Qd4 Qe5 19. Rd2 Rcd8 20. Rad1 Qa5
21. b3 b5 22. cxb5 Bxb5 23. Bxb5 Qxb5 24. Qxa7 d5 25. Qe3 Ra8 26. exd5 exd5 27.
Qf2 Qa5 28. h4 h5 29. Qd4 Reb8 30. Qf6 Rb6 31. Qf4 Rb4 32. Qf6 Rb6 33. Qg5 Rb5
34. Kh1 d4 35. Qf6 Qb6 36. Qxb6 Rxb6 37. Rc1 d3 38. Rc3 Rd6 39. b4 Rad8 40. Kg1
Kg7 41. Kf2 Kf6 42. Rb3 Rd5 43. a4 Rd4 44. a5 Rxh4 45. a6 Rhd4 46. b5 Ra4 47.
Rdxd3 Rb8 48. Ra3 1-0

[Event "XXXVIII Torneo Internacional de Ajedrez"]
[Site "La Roda (Albacete) - ESPAÑA"]
[Date "2011.04.22"]
[Round "4.12"]
[White "Guerra Bastida, Diego"]
[Black "Castano, Henry Augusto"]
[Result "1/2-1/2"]
[WhiteElo "2413"]
[BlackElo "2273"]
[PlyCount "54"]
[EventDate "2011.04.20"]

1. c4 e6 2. g3 d5 3. Bg2 Nf6 4. Nf3 c5 5. O-O d4 6. d3 Nc6 7. e3 Be7 8. exd4
cxd4 9. Bf4 O-O 10. Ne5 Qb6 11. Qb3 Qc5 12. Nxc6 bxc6 13. Qa3 Bb7 14. Qxc5 Bxc5
15. Nd2 Rac8 16. Nb3 Bb6 17. a4 Bc7 18. Bd2 Rfd8 19. a5 Rb8 20. Nc5 Bd6 21. Bb4
Bf8 22. Ba3 Nd7 23. Nxb7 Rxb7 24. Bxc6 Rb3 25. Ba4 Rxd3 26. b4 Ne5 27. Bb5 Rc3
1/2-1/2

[Event "XXXVIII Torneo Internacional de Ajedrez"]
[Site "La Roda (Albacete) - ESPAÑA"]
[Date "2011.04.22"]
[Round "4.13"]
[White "Martinez Martin, David"]
[Black "Alcazar Jimenez, Jesus"]
[Result "1-0"]
[WhiteElo "2398"]
[BlackElo "2264"]
[PlyCount "55"]
[EventDate "2011.04.20"]

1. d4 d6 2. e4 Nf6 3. f3 e5 4. dxe5 dxe5 5. Qxd8+ Kxd8 6. Bc4 Be6 7. Bxe6 fxe6
8. Nh3 Bc5 9. Nf2 Nc6 10. Nd3 Bb6 11. Na3 Nd7 12. Nc4 Ke7 13. Bg5+ Kf7 14.
O-O-O h6 15. Bh4 g5 16. Bg3 Kf6 17. h4 Rag8 18. h5 Rd8 19. Rd2 Bd4 20. Re1 b5
21. Ne3 b4 22. Ng4+ Ke7 23. Red1 Rb8 24. Kb1 Rb5 25. Ndxe5 Ndxe5 26. Rxd4 Nxd4
27. Bxe5 Rf8 28. Rxd4 1-0

[Event "XXXVIII Torneo Internacional de Ajedrez"]
[Site "La Roda (Albacete) - ESPAÑA"]
[Date "2011.04.22"]
[Round "4.14"]
[White "Cerrajeria Ruiz, Jesus Maria"]
[Black "Pardo Simon, David"]
[Result "0-1"]
[WhiteElo "2149"]
[BlackElo "2388"]
[PlyCount "66"]
[EventDate "2011.04.20"]

1. g3 d5 2. Nf3 Bg4 3. Ne5 Bf5 4. Bg2 c6 5. c4 dxc4 6. Nxc4 Nf6 7. Qb3 Qc8 8.
Nc3 Nbd7 9. d4 Be6 10. a4 b5 11. axb5 cxb5 12. Qxb5 Bxc4 13. Qa4 Rb8 14. Bf4
Rb6 15. Qxa7 Ra6 16. Rxa6 Qxa6 17. Qxa6 Bxa6 18. Kd2 g5 19. Bxg5 Bg7 20. Ra1
Bc8 21. Ra8 O-O 22. Na4 e6 23. Bc6 e5 24. Bxf6 Bxf6 25. d5 e4 26. Rxc8 Rxc8 27.
Bxd7 Rc4 28. Nc3 Kf8 29. Ke3 Bd4+ 30. Kf4 e3 31. Ne4 exf2 32. Bh3 Rc1 33. e3
f1=Q+ 0-1

[Event "XXXVIII Torneo Internacional de Ajedrez"]
[Site "La Roda (Albacete) - ESPAÑA"]
[Date "2011.04.22"]
[Round "4.15"]
[White "Suarez Uriel, Adrian"]
[Black "Korneev, Oleg"]
[Result "1/2-1/2"]
[WhiteElo "2192"]
[BlackElo "2573"]
[PlyCount "35"]
[EventDate "2011.04.20"]

1. e4 e5 2. Nf3 Nc6 3. Bb5 a6 4. Ba4 Nf6 5. O-O b5 6. Bb3 Bc5 7. a4 Rb8 8. axb5
axb5 9. c3 d6 10. h3 O-O 11. d4 Bb6 12. Re1 h6 13. Na3 exd4 14. cxd4 Na5 15.
Bc2 h5 16. Nb1 c5 17. b3 cxd4 18. Nxd4 {........} 1/2-1/2

[Event "XXXVIII Torneo Internacional de Ajedrez"]
[Site "La Roda (Albacete) - ESPAÑA"]
[Date "2011.04.22"]
[Round "4.16"]
[White "Cabrera, Alexis"]
[Black "Navarro Lopez-Menchero, Daniel"]
[Result "1-0"]
[WhiteElo "2511"]
[BlackElo "2152"]
[PlyCount "43"]
[EventDate "2011.04.20"]

1. d4 d5 2. c4 dxc4 3. Nf3 Nf6 4. Nc3 a6 5. a4 Nc6 6. e4 Bg4 7. Be3 e6 8. Bxc4
Bb4 9. Qd3 O-O 10. Nd2 e5 11. d5 Na5 12. f3 Bc8 13. Ba2 c6 14. O-O Be6 15. Bg5
Qb6+ 16. Kh1 cxd5 17. Bxf6 gxf6 18. exd5 Rad8 19. f4 Kh8 20. Nde4 Bc8 21. fxe5
fxe5 22. Nf6 1-0

[Event "XXXVIII Torneo Internacional de Ajedrez"]
[Site "La Roda (Albacete) - ESPAÑA"]
[Date "2011.04.22"]
[Round "4.17"]
[White "Villasenor Rubio, Emilio Jose"]
[Black "Paunovic, Dragan"]
[Result "0-1"]
[WhiteElo "2154"]
[BlackElo "2504"]
[PlyCount "82"]
[EventDate "2011.04.20"]

1. e4 c5 2. Nf3 e6 3. d4 cxd4 4. Nxd4 a6 5. Nc3 Qc7 6. Be3 Nf6 7. Bd3 Nc6 8.
Nb3 b5 9. O-O Ne5 10. h3 Bb7 11. f4 Nc4 12. Bxc4 bxc4 13. Nd2 Be7 14. Qe2 Rc8
15. e5 Nd5 16. Nxd5 Bxd5 17. c3 Qb7 18. Rab1 O-O 19. Bd4 f5 20. b4 cxb3 21.
axb3 a5 22. Ra1 Qc7 23. c4 Bc6 24. Bc3 Ra8 25. Kh2 Rfb8 26. Rfb1 Bb4 27. Qe3 h6
28. Rb2 Qb7 29. Nb1 Kh7 30. Raa2 Rg8 31. Bxb4 axb4 32. h4 Rxa2 33. Rxa2 Ra8 34.
Rb2 Be4 35. Qg3 Qa7 36. Nd2 Qd4 37. Nxe4 Qxb2 38. Nd6 Qc3 39. Qf2 Ra1 40. Nb7
Qxb3 41. Nc5 Qd1 0-1

[Event "XXXVIII Torneo Internacional de Ajedrez"]
[Site "La Roda (Albacete) - ESPAÑA"]
[Date "2011.04.22"]
[Round "4.18"]
[White "Cruz, Cristhian"]
[Black "Perez De Aranda A, Leonardo I"]
[Result "1-0"]
[WhiteElo "2492"]
[BlackElo "2136"]
[PlyCount "83"]
[EventDate "2011.04.20"]

1. c4 c5 2. Nc3 g6 3. Nf3 Bg7 4. g3 b6 5. Bg2 Bb7 6. O-O Nf6 7. d4 cxd4 8. Qxd4
Nc6 9. Qf4 Na5 10. Bd2 Rc8 11. b3 d5 12. cxd5 Nxd5 13. Nxd5 Bxa1 14. Nxe7 Qxe7
15. Rxa1 O-O 16. Bb4 Qxe2 17. Bxf8 Rxf8 18. b4 Nc4 19. Rc1 b5 20. Nd4 Qe7 21.
Bxb7 Qxb7 22. Nxb5 Qxb5 23. Qxc4 Qa4 24. b5 Qa5 25. Rc3 Kg7 26. Re3 Qd8 27. a4
Re8 28. Rxe8 Qxe8 29. Qd4+ Kg8 30. Qxa7 Qe1+ 31. Kg2 Qe4+ 32. Kf1 Qd3+ 33. Ke1
Qc3+ 34. Ke2 Qc4+ 35. Ke3 Qc3+ 36. Ke4 Qc4+ 37. Qd4 f5+ 38. Ke5 Qc7+ 39. Kd5
Qf7+ 40. Kc5 Qc7+ 41. Kb4 Qe7+ 42. Kb3 1-0

[Event "XXXVIII Torneo Internacional de Ajedrez"]
[Site "La Roda (Albacete) - ESPAÑA"]
[Date "2011.04.22"]
[Round "4.19"]
[White "Larino Nieto, David"]
[Black "Iagar, Razvan-Gabriel"]
[Result "1-0"]
[WhiteElo "2475"]
[BlackElo "2125"]
[PlyCount "79"]
[EventDate "2011.04.20"]

1. e4 e6 2. d3 c5 3. Nc3 Nc6 4. g3 g6 5. Bg2 Bg7 6. Be3 d6 7. f4 Nge7 8. Nf3
O-O 9. O-O Re8 10. d4 cxd4 11. Nxd4 d5 12. f5 exf5 13. exd5 Nb4 14. Nde2 Bd7
15. Bd4 Bxd4+ 16. Nxd4 Qb6 17. Kh1 Rad8 18. Rf4 Bc8 19. Na4 Qa5 20. c4 b5 21.
Nxb5 Nbxd5 22. cxd5 Qxb5 23. Nc3 Qxb2 24. Rc1 Bd7 25. Rc2 Qa3 26. Qd2 Qd6 27.
Rh4 Qf6 28. Rc1 Nc8 29. d6 Nb6 30. a4 Re6 31. Qh6 Rxd6 32. Qxh7+ Kf8 33. a5 Rc8
34. Qh6+ Kg8 35. Qh7+ Kf8 36. Qh6+ Kg8 37. axb6 Rxc3 38. bxa7 Ra6 39. Rxc3 Qxc3
40. Qh7+ 1-0